File Force pro Apple Macintosh - nenáročný vstup do světa relačních databází
Informácie o počítači Macintosh. Využitie počítača Macintosh a databázového produktu File Force, ktorý je určený pre tvorbu a priebeh aplikácií slúžiacich k vedeniu administratívy v malých firmach.
Salvato in:
| Autore principale: | |
|---|---|
| Natura: | Capitolo di libro |
| Lingua: | ceco |
| Soggetti: | |
| Tags: |
Nessun Tag, puoi essere il primo ad aggiungerne!!
|
MARC
| LEADER | 00000naa a2200000 4500 | ||
|---|---|---|---|
| 001 | r023970 | ||
| 005 | 20221205080446.0 | ||
| 041 | 0 | |a cze | |
| 044 | |a CZ | ||
| 245 | 1 | 0 | |a File Force pro Apple Macintosh - nenáročný vstup do světa relačních databází |c Z. Lieblová |
| 520 | |a Informácie o počítači Macintosh. Využitie počítača Macintosh a databázového produktu File Force, ktorý je určený pre tvorbu a priebeh aplikácií slúžiacich k vedeniu administratívy v malých firmach. | ||
| 610 | 2 | 0 | |a využitie počítačov |
| 610 | 2 | 0 | |a počítače osobné |
| 610 | 2 | 0 | |a softvér |
| 610 | 2 | 0 | |a MACINTOSH |
| 610 | 2 | 0 | |a systémy operačné |
| 610 | 2 | 0 | |a systémy počítačové |
| 100 | 1 | |a Lieblová, Z. | |